MDQL
is popping MORE tags! Check the
thread
!
Quizzes
Events
Quiz Creation
Community
Videos
Private Events
Remove Ads
Sign In
Join for FREE
Feedback
Dark Mode
Quiz Categories
Sports
Geography
Music
Movies
Television
Just For Fun
Miscellaneous
History
Literature
Language
Science
Gaming
Entertainment
Religion
Holiday
For Kids
Quiz Lab
Recent
Popular Today
Quiz Kudos Today
Editor Picks
Curator Picks
Quizzes by...
Day
Popularity
Type
Ratings
Length
Year
Community
Subscriptions
Recent Discussions
Orange Saloon
Badges
Playlists
Quests
Create
Leaderboards
Showdown
Live 5
Trivia Bingo
Activity
Puzzle Library
Sporcle Events
Private Events
Virtual Trivia
Globe League
Become a Host
Pub Owners
SporcleCon
Opinionation
Our Games
Videos
Blog
Mobile Apps
Partnerships
Remove Ads and Go Orange
Feedback
Television
TV Characters
TV Show
Sitcom
Network
Friends
Reality Shows
Cast
South Park
Star Trek
The Simpsons
Doctor Who
Television
TV Characters
TV Show
Sitcom
Network
Friends
Reality Shows
Cast
South Park
Star Trek
The Simpsons
Doctor Who
Random Quiz
Search Sporcle
×
Quiz Lab
Quiz Lab
Television
Survivor
Click on regions of an image
Click on regions of an image
Picture Click
Best Score? Go Orange.
Survivor Millenials Vs. Gen X Season 33 (Picture Click) Stats
Can you pick the Castaway?
By
gabriellegewirtz
6m
20 Questions
339 Plays
339 Plays
339 Plays
Comments
Comments
Give Quiz Kudos
Give Quiz Kudos
-
- Ratings
hide this ad
Forced Order
Answers have to be entered in order
Answers have to be entered in order
Replay
Link that replays current quiz
Next Quiz
Link to next quiz in quiz playlist
You Got
0%
They Got
Avg Score
93%
Avg Friend Score
Upgrade to see
Score Distribution
Jump to the score distribution portion of the page
Score
0/20
Timer
06:00
0
Plays Today
% Correct
Zeke
97%
Will
96.7%
Hannah
96.4%
Sunday
95.9%
Adam
95.9%
Taylor
95%
Ken
94.7%
David
94.4%
Jay
94.1%
Chris
94.1%
% Correct
Bret
93.8%
Figgy
93.2%
Paul
92.3%
Mari
91.7%
Michaela
91.7%
Jessica
91.4%
Lucy
89.9%
Cece
89.9%
Michelle
89.1%
Rachel
85.2%
Quiz Playlist
Details
Report
Send in Message
Add To Playlist
Picture Click:
Click on regions of an image
Forced Order:
Answers have to be entered in order
Last Updated: Feb 16, 2017
Quiz Scoreboard
CHALLENGE
Sign Up to Join the Scoreboard
Show All
Scores
Hide
Comments
May contain spoilers
Recently Published
Image Sorting: Flags VI
by Barbecue
Geography
2m
Find the 'City' Movie
by crazypaving
Movies
60s
Colored Red Africa Blitz
by spor1
Geography
45s
More to Explore
Quiz From the Vault
Featured Blog Post
14 Easter Pick-up Lines to Find Eggs With
hide this ad
You Might Also Like...
Tags
Castaway
gen
season
Survivor
Today's Top Quizzes in Television
Browse Television
hide this ad
Today's Top Quizzes in Survivor
Browse Survivor
Top Contributed Quizzes in Television
1
Survivor Journey Challenge
2
Brooklyn Nine Nine Logic Puzzle (How-To-Play)
3
Adjectives in 00s TV Shows
4
Total Drama Characters
5
Survivor Logic Puzzle: Heroes vs. Villains
6
Phoebe Buffay Quotes
7
Survivor Heroes vs. Villains Logic Puzzle
8
Survivor Trivia
9
Emmerdale Characters (from August 2012)
10
Adjectives in 10s TV Shows
Explore More
Trending Topics
Kpop
Harry Potter
Crossword
Anime
NBA
Marvel
Disney
NFL
Puzzle
Pokémon
Country
Soccer
Song
The Office
WWE
hide this ad
More By:
gabriellegewirtz
Quiz
Plays
Rating
Category
Featured
Created
Young Adult Ships
564
5.00
Literature
May 1, 2020
Arrow Characters Slideshow
552
5.00
Television
Dec 26, 2016
Survivor Millenials Vs. Gen X Season 33 (Picture Click)
339
4.00
Television
Dec 30, 2016
Young Adult Series
195
5.00
Literature
Dec 25, 2020
TV Couples
83
3.50
Television
Jul 12, 2016
Go to Creator's Profile
Score Distribution
Quiz Creator Spotlight
gabriellegewirtz
Follow
Send a Message
Quizzes Created
-
Created Quiz Play Count
-
More By This Creator
Popular Quizzes Today
1
Colored Red Africa Blitz
2
Find the US States - No Outlines Minefield
3
Find the 'City' Movie
4
5x2 Blitz: Bands
5
The Countries of the World
6
Find the US States
7
Find the Countries of Europe - No Outlines Minefield
8
US States
More Television Quizzes
Survivor Top 25 Most Days Played
Quiz Lab
Trending Quizzes
Colored Red Europe Blitz I
Colored Red Africa Blitz II
Colored Red Europe Blitz II
Colored Red Africa Blitz III
Colored Red Europe Blitz III
Recently Updated
How Do You Spell That?
pecheneg
Godzilla Movies
pecheneg
Grab Bag: 4-10 Letters
pecheneg
2024 March Madness Bracket
pecheneg
Famous TV Couples
Peacemaker
Champions League XIs: Real Madrid
pecheneg
Largest US Cities 1790-2010
pecheneg
Rides in Walt Disney World
pecheneg
Most Oscar Losses (Acting)
pecheneg
Beyoncé Albums
pecheneg
Trending Topics
Crossword
Harry Potter
Disney
Kpop
Anime
NBA
Marvel
Pokémon
Song
Country
NFL
Puzzle
The Office
WWE
Soccer
Your Account Isn't Verified!
In order to create a playlist on Sporcle, you need to verify the email address you used during registration. Go to your
Sporcle Settings
to finish the process.
Report this User
Report this user for behavior that violates our
Community Guidelines
.
Details:
Send Report
Go to the Sporcle.com Mobile Site →
Comments